| 000 | 00523nam a2200157 i 4500 | ||
|---|---|---|---|
| 001 | 63108 | ||
| 003 | ES-MaACL | ||
| 005 | 20230906164804.0 | ||
| 007 | t| | ||
| 008 | 031128s1961 sp ||||1| spa d | ||
| 245 | 0 | 0 |
_aFernando I el Católico y la cultura de su tiempo / _cpor J. Rubio...[et al.]. |
| 260 |
_aZaragoza : _bInstitución "Fernando el Católico" de la Diputación Provincial de Zaragoza, _c1961. |
||
| 300 |
_a274 p., 6 lám. ; _c24 cm. |
||
| 700 | 1 |
_aRubio, J. _9100347 |
|
| 852 |
_aES-MaACL _jC-21372 _bR.49868 |
||
| 999 |
_c63108 _d63108 |
||